• 首页
  • 本馆介绍
  • 公告通知
  • 最新文献
  • 馆藏检索
  • 电子资源
  • 读者导购
  • 参考咨询
  • 我的图书馆
  • 登录
  • 详细信息显示
  • 放入我的书架
  • 预约/预借图书
  • 作者相关作品
  • 分类相关作品
  • 丛书相关作品
  • 出版社相关作品

书目信息

  • 表格格式
  • 工作单格式
  • 卡片格式
题名:
星空摄影后期实战
    
 
作者: 阿五在路上 著
分册:  
出版信息: 北京   电子工业出版社  2020.5
页数: 278页, [7] 页图版
开本: 27cm
丛书名: 星空摄影三部曲
单 册:
中图分类: J419.9
科图分类:
主题词: 天文摄影--摄影艺术
电子资源:
ISBN: 978-7-121-38673-2
000 01308nam 2200265 45
001 489700
005 20140818094131.0
010    @a978-7-121-38673-2@dCNY138.00
099    @aCAL 012020063492
100    @a20200623d2020 em y0chiy0110 ea
101 0  @achi
102    @aCN@b110000
105    @aaf z 000yy
106    @ar
200 1  @a星空摄影后期实战@Axing kong she ying hou qi shi zhan@f阿五在路上著
210    @a北京@c电子工业出版社@d2020.5
215    @a278页, [7] 页图版@c彩图@d27cm
225 2  @a星空摄影三部曲@Axing kong she ying san bu qu
330    @a本书会教你如何拍摄星空,《星空摄影秘境》可以告诉你何时、去何处拍摄能够事半功倍,而本书《星空摄影后期实战》则由简单到复杂,用更多实例,对前期拍摄技巧和后期修图思路进行系统性的讲解。和白天拍摄的风光摄影可以通过后期“变废为宝”不同,对于星空摄影来说,如果前期拍摄出现失误,想在后期进行挽救是比较困难的,所以前期拍摄成功率越高,后期才越容易操作。希望对星空摄影有兴趣的读者,能根据自己的需求,通读星空摄影系列图书并融会贯通,这样才能在举起相机的那一刻,脑海里就呈现出这张照片经过后期处理最终的效果,并由此创作出让人赞叹的星空大片。
461  0 @12001 @a星空摄影三部曲
606 0  @a天文摄影@x摄影艺术
690    @aJ419.9@v5
701  0 @a阿五在路上@Aa wu zai lu shang@4著
801    @aCN@b江苏凤凰@c20211018
905    @b1356044-7@dJ419.9@e455@f4
    
    星空摄影后期实战/阿五在路上著.-北京:电子工业出版社,2020.5
    278页, [7] 页图版:彩图;27cm.-(星空摄影三部曲)
    
    
    ISBN 978-7-121-38673-2:CNY138.00
    本书会教你如何拍摄星空,《星空摄影秘境》可以告诉你何时、去何处拍摄能够事半功倍,而本书《星空摄影后期实战》则由简单到复杂,用更多实例,对前期拍摄技巧和后期修图思路进行系统性的讲解。和白天拍摄的风光摄影可以通过后期“变废为宝”不同,对于星空摄影来说,如果前期拍摄出现失误,想在后期进行挽救是比较困难的,所以前期拍摄成功率越高,后期才越容易操作。希望对星空摄影有兴趣的读者,能根据自己的需求,通读星空摄影系列图书并融会贯通,这样才能在举起相机的那一刻,脑海里就呈现出这张照片经过后期处理最终的效果,并由此创作出让人赞叹的星空大片。
●
相关链接 在E读中查询图书 在五车中查询图书 在当当中查询图书 在豆瓣中查询图书


正题名:星空摄影后期实战     索取号:J419.9/455         预约/预借

序号 登录号 条形码 馆藏地/架位号 状态 备注
1 1356044   213560449   第一样本阅览室/ [索取号:J419.9/455] 在馆    
2 1356045   213560458   第一借阅区/ [索取号:J419.9/455] 在馆    
3 1356046   213560467   第一借阅区/ [索取号:J419.9/455] 在馆    
4 1356047   213560476   第一借阅区/ [索取号:J419.9/455] 在馆    
唐山师范学院图书馆 欢迎您!
大连网信软件有限公司© 版权所有